| Tag |
First Indicator |
Second Indicator |
Subfields |
| LEADER |
00000cam a22000008a 4500 |
| 001 |
in00000017795 |
| 005 |
20210508063144.0 |
| 008 |
870813s1988 enka b 00110 eng |
| 010 |
|
|
|a 87022821
|
| 020 |
|
|
|a 074580201X :
|c £35.00
|
| 035 |
|
|
|a (OCoLC)16579410
|
| 035 |
|
|
|9 AAB1912AM
|
| 040 |
|
|
|a DLC
|c DLC
|d TXA
|d UtOrBLW
|
| 049 |
|
|
|a TXAM
|c [A11048254]
|
| 050 |
0 |
0 |
|a QD503
|b .M45 1987
|
| 050 |
|
4 |
|a QD503
|b .M45 1988
|
| 082 |
0 |
|
|a 543
|2 19
|
| 100 |
1 |
|
|a Meloun, M.
|q (Milan),
|d 1943-
|
| 245 |
1 |
0 |
|a Computation of solution equilibria :
|b a guide to methods in potentiometry, extraction, and spectrophotometry /
|c M. Meloun, J. Havel, and E. Högfeldt ; translation editors, M.R. Masson and R.A. Chalmers.
|
| 263 |
|
|
|a 8711
|
| 264 |
|
1 |
|a Chichester, West Sussex, England :
|b E. Horwood ;
|a New York :
|b Halsted Press,
|c 1988.
|
| 300 |
|
|
|a x, 297 pages :
|b illustrations
|
| 336 |
|
|
|a text
|b txt
|2 rdacontent
|
| 337 |
|
|
|a unmediated
|b n
|2 rdamedia
|
| 338 |
|
|
|a volume
|b nc
|2 rdacarrier
|
| 490 |
1 |
|
|a Ellis Horwood series in analytical chemistry
|
| 504 |
|
|
|a Includes bibliographies and index.
|
| 650 |
|
0 |
|a Liquid-liquid equilibrium
|x Data processing.
|
| 650 |
|
0 |
|a Analytical chemistry
|x Data processing.
|
| 700 |
1 |
|
|a Havel, J.
|
| 700 |
1 |
|
|a Högfeldt, Erik,
|d 1924-
|
| 830 |
|
0 |
|a Ellis Horwood series in analytical chemistry.
|
| 999 |
|
|
|a MARS
|
| 999 |
f |
f |
|s 23f48945-9cf2-3ad3-a698-c9deaebee874
|i 059404fc-2b78-330f-b8d3-7429fefa4be0
|t 0
|
| 952 |
f |
f |
|p ric
|a Texas A&M University
|b Rellis Campus
|c Joint Library Facility
|s JLF
|d Remote Storage
|t 0
|e QD503 .M45 1988
|h Library of Congress classification
|i unmediated -- volume
|m A14811048254
|
| 998 |
f |
f |
|a QD503 .M45 1988
|t 0
|l Remote Storage
|